Emergence and Development of Early Urbanism in the Late Prehistoric Latvia
| Titel: | Emergence and Development of Early Urbanism in the Late Prehistoric Latvia |
|---|---|
| Verfasser: | |
| In: |
Riga und der Ostseeraum, (2005), Seite 24-36 alle Artikel anzeigen |
| Veröffentlicht: | 2005 |
| Format: | Aufsatz |
| Sprache: | Englisch |
X
alg: 39163971 001A $01999:11-11-16 001B $01999:25-04-21 $t10:53:25.000 001D $01999:11-11-16 001U $0utf8 001X $00 002@ $0Aox 003@ $0391639714 007A $0391639714 $aHEB 007T $0Herd78939 010@ $aeng 011@ $a2005 021A $aEmergence and Development of Early Urbanism in the Late Prehistoric Latvia 028A $aŠnē $dAndris 031A $h24-36 $j2005 039B $aIn $8--Aau--. Riga und der Ostseeraum. - Marburg : Verl. Herder-Institut, 2005. - VIII, 486 S.. - Ill., graph. Darst., Kt.. - ISBN 3-87969-319-6 $x200500000000000976 $9133615367 045F $a307.094796 $eDDC23BSB 045F/01 $a307.09 045F/03 $g4796 lok: 39163971 78 exp: 39163971 78 1 #EPN 201B/01 $019-04-17 $t10:18:50.000 201U/01 $0utf8 203@/01 $0787734195 208@/01 $a11-11-16 $be 209A/01 $a/ $f000 $x00 220C/01 $aTitelaufnehmer: cs 244Z/01 $2Trx $#Latvija $#Lettland $#Łotwa $#Lotyšsko $8--Trx--Latvija $x01 $9391275879 244Z/01 $aGeschichte 500-800 $x02 244Z/01 $2Trx $#kauplemiskohad varane keskaeg $#ankstyvųjų viduramžių prekyvietės $#places of trade early Middle Ages $#kereskedök tere korai középkor $#placówki handlowe wczesne średniowiecze $#trhoviská raný stredovek $#tržiště raný středověk $8--Trx--Handelsplätze$gFrühmittelalter $x03 $9391382330 244Z/01 $2Trx $#asundusajalugu $#kolonizacija $#history of settlements $#településtörténet $#osadnictwo $#dejiny osídlenia $#dějiny osídlení $#osídlenie $#osídlení $8--Trx--Siedlungsgeschichte $x04 $9391357131 244Z/01 $2Trx $8--Trx--Einzelbeiträge $x05 $9391384570 245Z/01 $a09.02 $x01 247C/01 $82080>Marburg/Lahn, Herder-Institut, Forschungsbibliothek, Bibliographieportal $9336309341
| LEADER | 00000caa a22000002c 4500 | ||
|---|---|---|---|
| 001 | 391639714 | ||
| 003 | DE-603 | ||
| 005 | 20210425105325.0 | ||
| 007 | tu | ||
| 008 | 161111s2005 xx |||| | u00||u|eng c | ||
| 035 | |a (DE-599)HEB391639714 | ||
| 040 | |a DE-603 |b ger |c DE-603 |d DE-603 | ||
| 041 | |a eng | ||
| 082 | 0 | 4 | |8 1\u |a 307.094796 |q DE-101 |2 23/BSB |
| 085 | |8 1\u |b 307.09 | ||
| 085 | |8 1\u |z 2 |s 4796 | ||
| 100 | 1 | |a Šnē, Andris | |
| 245 | 0 | 0 | |a Emergence and Development of Early Urbanism in the Late Prehistoric Latvia |
| 264 | 0 | |c 2005 | |
| 773 | 0 | 8 | |i In |t Riga und der Ostseeraum |d Marburg : Verl. Herder-Institut, 2005 |h VIII, 486 S., Ill., graph. Darst., Kt. |z 3879693196 |g (2005), Seite 24-36 |w (DE-603)133615367 |
| 924 | 0 | |9 2080 |a (DE-603)787734195 |b DE-2080 |c HES |d d |g / | |


